000 00582nam a2200181Ia 4500
005 20260429112238.0
008 260429s9999||||xx |||||||||||||| ||und||
020 _a8177141759
041 _aHindi
082 _a891.432
_bSHU
100 _aशुक्ल, धीरेन्द्र
245 0 _aहिंदी नाट्य परिदृश्य /
_cधीरेन्द्र शुक्ल
250 _a0
260 _aनई दिल्ली :
_bप्रकाशन संस्थान,
_c2011.
300 _a208 p.; Hb
650 _aDrama
942 _cTB
999 _c53093
_d53093